000 00521nam a22001697a 4500
999 _c9811
_d9811
003 OSt
005 20200929100742.0
008 180717b ||||| |||| 00| 0 eng d
022 _a2094-8042
082 _aDPer 370.105 M72 June 2010-Mar 2011 v. 59 n. 1-10
100 _934240
_aViduya, Leila G.
245 _aWhat is physical fitness?/
_cLeila G. Viduya.
260 _aPhilippines;
_bIn The Grade School, Inc.,
_cc2010-2011.
300 _av59 n8, page 327;
_c27cm.
650 0 _929054
_aPhysical fitness.
942 _2ddc
_cPER